Veselé tony Skampararas

Bibliographic Details
Format: Article
Language:Slovak
Subjects:

MARC

LEADER 00000cab a2200000 ar4500
001 vtls009318609
003 SK-MaSNL
005 20260304201056.0
008 080806c2008 xo wr|p|||||||000 b|slo
038 |a PPPK 
040 |a PPPKCL  |b slo  |c PPPKCL  |e AACR2 
041 0 |a slo 
044 |a xo  |c SK 
080 |a 78.079  |x (437.6)  |2 2001 
080 |a 785.16.071  |2 2001 
245 0 0 |a Veselé tony Skampararas 
610 2 7 |a Skampararas (hudobná skupina)  |2 pppkcl  |9 1532565 
611 2 7 |a Lokal Life 008  |n (6. :  |d 2008:  |c Kežmarok, Slovensko)  |2 pppkcl  |9 1241943 
650 0 7 |a hudobné festivaly  |2 pppkcl  |9 2958 
650 0 7 |a populárna hudba  |2 pppkcl  |9 3428 
650 0 7 |a hudobné skupiny  |2 pppkcl  |9 3429 
651 7 |a Kežmarok (Slovensko)  |2 pppkcl  |9 26808 
773 0 |t Podtatranské noviny  |g Roč. IL, č. 29 (2008), s. 11 
852 |a PPPK  |b KIS3GCP 
999 |c 3093090  |d 3095020